| 000 | 01442nam2a22002771 4500 | ||
|---|---|---|---|
| 001 | rc\4173756 | ||
| 005 | 20130415191435.4 | ||
| 021 |
_aRU _b[46-17783] |
||
| 035 | _a(NLR Aleph) 008185112 | ||
| 090 |
_a7940484 _c7940484 |
||
| 100 | _a20130415d1946 |||y0rusy50 ca | ||
| 101 | 0 | _arus | |
| 102 | _aRU | ||
| 105 | _aa z ||||| | ||
| 200 | 1 | _aНормативные данные | |
| 210 |
_a[Москва] _cСтройиздат _c[Центр. б-ка строит. проектов] _d1946 _gТип. Изд-ва МТК |
||
| 215 |
_a[2], 36, [4] с., без тит. л. _cчерт. |
||
| 300 | _aРабота выполнена Центр. науч.-исслед. лабораторией сантехники при КТИС инж. Лупаковым И.А. и инж. Лернер Б.Н. | ||
| 461 | 0 |
_1001rc\4173755 _12001#$aСистемы отопления и вентиляции$eВып. 1-$fМинистерство стр-ва предприятий тяжелой индустрии СССР. Главстройпроект. Всес. контора типового проектирования и техн. исследований "КТИС"$vВып. 1 |
|
| 702 | 1 |
_aЛупаков _bИ. А. _gИван Александрович _4570 |
|
| 702 | 1 |
_aЛернер _bБ. Н. _gБерта Наумовна _4570 |
|
| 801 | 0 |
_aRU _bNLR _gpsbo |
|
| 801 | 1 |
_aRU _bELAR _2rusmarc |
|
| 852 |
_aNLR _jТ80 Г-8/415 |
||
| 942 | _cBOOK | ||
| 980 | _aNB | ||